000 00636nam a2200277Ia 4500
005 20260330160723.0
008 008 300114s9999 xx 000 0 eng d
020 _a9789366601632
037 _aEBOOK
040 _aCRL
040 _beng
040 _cCRL
041 _2eng
041 _aeng
084 _qCRL
100 _aDUIKER/SPIELVOGEL
_91232223
245 0 _aWORLD HISTORY
250 _a9
260 _bcengage
260 _c2019
650 _aHISTORY
856 _uhttps://cengageindiaelibrary.ipublishcentral.net/product-details/692086
942 _cEBOOK
999 _c1844081
_d1844081